LEADER 01508nam 2200373 n 450 001 996390977903316 005 20221108043648.0 035 $a(CKB)1000000000663371 035 $a(EEBO)2248499579 035 $a(UnM)99866312 035 $a(EXLCZ)991000000000663371 100 $a19940328d1653 uy | 101 0 $aeng 135 $aurbn||||a|bb| 200 10$aThankfulness in grain: or a good life the best return$b[electronic resource] $eDelivered in another sermon on the same occasion in St. Dionis, Back-Church, Aug. 14. 1653. By Nath. Hardy, Master of Arts, and preacher to that parish 210 $aLondon, $cPrinted by T.W. for Nath. Webb and Will. Grantham, at the sign of the Black Bear in St. Paul's Church-yard, near the little North-door$d1654. [i.e. 1653] 215 $a[4], 52 p 300 $aThomason received his copy in December 1653. 300 $aAnnotation on Thomason copy: "Dec. 5."; imprint date crossed out and "1653" written in. 300 $aReproduction of the original in the British Library. 330 $aeebo-0018 606 $aChristian life$vEarly works to 1800 606 $aSermons, English$y17th century 615 0$aChristian life 615 0$aSermons, English 700 $aHardy$b Nathaniel$f1618-1670.$0821523 801 0$bCu-RivES 801 1$bCu-RivES 801 2$bCStRLIN 801 2$bWaOLN 906 $aBOOK 912 $a996390977903316 996 $aThankfulness in grain: or a good life the best return$92351996 997 $aUNISA LEADER 05754oam 2200817 c 450 001 9910647262103321 005 20260302090207.0 010 $a3-8309-9544-X 024 3 $a9783830995449 035 $a(CKB)5600000000463933 035 $a(NjHacI)995600000000463933 035 $a(Waxmann)9783830995449 035 $a(EXLCZ)995600000000463933 100 $a20260302d2022 uy 0 101 0 $ager 135 $aur||||||||||| 181 $ctxt$2rdacontent 182 $cc$2rdamedia 183 $acr$2rdacarrier 200 00$aSchule digital ? der Länderindikator 2021 $eLehren und Lernen mit digitalen Medien in der Sekundarstufe I in Deutschland im Bundesländervergleich und im Trend seit 2017 /$fRamona Lorenz, Sittipan Yotyodying, Birgit Eickelmann, Manuela Endberg, Marius Domke, Birgit Eickelmann, Manuela Endberg, Melanie Heldt, Ramona Lorenz, Sittipan Yotyodying 205 $a1st ed. 210 $aMünster$cWaxmann$d2022 215 $a1 online resource (212 pages) 311 08$a3-8309-4544-2 327 $aKapitel I -- Schule digital- der La?nderindikator 2021 -- Theoretisches Rahmenmodell und U?berblick u?ber zentrale Ergebnis / Ramona Lorenz, Birgit Eickelmann, Manuela Endberg und Sittipan Yotyodying -- Kapitel II -- Ziele, Anlage und Durchfu?hrung des La?nderindikators 2021 / Ramona Lorenz, Birgit Eickelmann, Manuela Endberg und Sittipan Yotyodying -- Kapitel III -- Einscha?tzung der IT-Ausstattung und des IT-Supports der Schulen der Sekundarstufe I aus Lehrkra?fteperspektive im Bundesla?ndervergleich und im Trend seit 2017 / Sittipan Yotyodying und Ramona Lorenz -- Kapitel IV -- Nutzung digitaler Medien im Unterricht der Sekundarstufe I und Nutzungsbedingungen im Trendvergleich von 2017 und 2021 / Ramona Lorenz und Birgit Eickelmann -- Kapitel V -- Selbsteingescha?tzte Kompetenzen von Lehrpersonen der Sekundarstufe I zum Einsatz digitaler Medien im Unterricht im Bundesla?ndervergleich 2021 und im Trend seit 2017 / Manuela Endberg und Ramona Lorenz -- Kapitel VI -- Fo?rderung der digitalen Kompetenzen von Schu?lerinnen und Schu?lern der Sekundarstufe I im Bundesla?ndervergleich und im Trend seit 2017 / Melanie Heldt, Ramona Lorenz und Birgit Eickelmann -- Kapitel VII -- Entwicklungen der schulischen digitalen Infrastruktur fu?r das Lehren und Lernen durch Investitionsprogramme aus Sicht von Lehrkra?ften der Sekundarstufe I / Sittipan Yotyodying, Birgit Eickelmann, Manuela Endberg und Ramona Lorenz -- Kapitel IX -- Digitalisierungsbezogene Fortbildung und professionelle Lerngelegenheiten von Lehrpersonen der Sekundarstufe I in Deutschland und im Bundesla?ndervergleich / Birgit Eickelmann, Ramona Lorenz, Manuela Endberg und Marius Domke -- Anhang -- Indikatoren des La?nderindikators 2021 und der Gesamtu?bersicht. 330 $aDer Länderindikator 2021 stellt nach den Studienzyklen der Jahre 2015, 2016 und 2017 nun zum vierten Mal Ergebnisse und Steuerungswissen zum schulischen Lehren und Lernen mit digitalen Medien für Deutschland sowie im Vergleich der Bundesländer vor. Die Studie gibt im Sinne eines Bildungsmonitorings ein aktuelles Bild zu unterrichtlichen Lehr- und Lernprozessen aus der Perspektive von Lehrkräften der Sekundarstufe I wieder. Zudem werden die digitalisierungsbezogenen Rahmenbedingungen in Schulen, denen vor dem Hintergrund der Corona-Pandemie eine weiter zunehmende Bedeutung zukommt, betrachtet. Mit der schulischen IT-Ausstattungs- und -Supportsituation, dem Einsatz digitaler Medien, den medienbezogenen Kompetenzen der Lehrkräfte sowie der Förderung der computer- und informationsbezogen Kompetenzen der Schülerinnen und Schüler werden vier Kernbereiche der Länderindikator-Studie im Trend aufgegriffen und Entwicklungen über Vergleiche mit Ergebnissen des Länderindikators 2017 abgebildet. Darüber hinaus widmet sich der aktuelle Studienzyklus der Untersuchung der in Schulen wahrgenommenen Auswirkungen von IT-Investitionsprogrammen des Bundes und der Länder, der Reflexion des durch Maßnahmen im Zuge der Corona-Pandemie angestoßenen Digitalisierungsschubes in Lehr-Lernprozessen sowie zukunftsweisenden Aspekten digitalisierungsbezogener Professionalisierung von Lehrkräften. 606 $adigitale Medien 606 $aBildungsforschung 606 $aSchulstudie 606 $aIT 606 $aTelekom-Studie 606 $adigitale Medien in der Schule 606 $adigitale Ausstattung der Schule 606 $aneue Medien 606 $aLaptop-Klassen 606 $aTablets an der Schule 606 $aMINT 606 $aSchulpädagogik 606 $aEmpirische Bildungsforschung 606 $aPädagogische Psychologie 615 4$adigitale Medien 615 4$aBildungsforschung 615 4$aSchulstudie 615 4$aIT 615 4$aTelekom-Studie 615 4$adigitale Medien in der Schule 615 4$adigitale Ausstattung der Schule 615 4$aneue Medien 615 4$aLaptop-Klassen 615 4$aTablets an der Schule 615 4$aMINT 615 4$aSchulpädagogik 615 4$aEmpirische Bildungsforschung 615 4$aPädagogische Psychologie 676 $a373.43 702 $aLorenz$b Ramona$4edt 702 $aYotyodying$b Sittipan$4edt 702 $aEickelmann$b Birgit$4edt 702 $aEndberg$b Manuela$4edt 702 $aDomke$b Marius$4ctb 702 $aEickelmann$b Birgit$4ctb 702 $aEndberg$b Manuela$4ctb 702 $aHeldt$b Melanie$4ctb 702 $aLorenz$b Ramona$4ctb 702 $aYotyodying$b Sittipan$4ctb 801 0$bNjHacI 801 1$bNjHacl 906 $aBOOK 912 $a9910647262103321 996 $aSchule digital - der La?nderindikator 2021$93086166 997 $aUNINA